Statistiques concernant Paroles - Le dîner - Bénabar

Cliquez ici pour prendre le quiz!

Statistiques générales

  • Ce quiz a été pris 1 273 fois
  • Le résultat moyen est 187 sur 229

Statistiques - réponses

Paroles% Correct
le
100%
à
99%
On
99%
on
99%
pas
99%
pas.
99%
pas,
99%
la
98%
les
98%
se
98%
va
98%
y
98%
de
97%
et
97%
Et
97%
télé
97%
des
96%
moi,
96%
Moi
96%
qu'à
96%
Toi,
96%
ce
95%
Ce
95%
draps,
95%
sous
95%
aime
94%
amis,
94%
amis
94%
pizzas,
94%
tes
94%
dîner,
93%
dire
93%
En
93%
en
93%
n'y
93%
que
93%
s'en
93%
J'ai
92%
j'ai
92%
Je
92%
je
92%
n'a
92%
qu'on
92%
aller
91%
Ca
91%
ça.
91%
ça
91%
ça ?
91%
commandera
91%
fout,
91%
puis
91%
un
91%
Un
91%
ma
90%
pis.
90%
s'cacher
90%
tant
90%
J'veux
89%
plus
89%
il
88%
me
88%
soir.
88%
film
85%
par
85%
trouve
85%
du
84%
envie.
84%
J'suis
84%
y'a
84%
fatigué,
83%
comme
82%
veux
82%
voir,
82%
bien
81%
chose,
81%
mais
81%
Mais
81%
quelque
81%
Allez
79%
Ils
79%
nous
79%
super
79%
J'les
78%
bon
77%
l'moral,
77%
rien
77%
sur
77%
hasard,
76%
improvise,
76%
s'excuse,
76%
voudront
76%
appelle,
75%
extraterrestres.
75%
7ème
74%
art
74%
chef-d'oeuvre
74%
Saint-Tropez.
74%
boudine,
73%
chemise
73%
De Funès,
73%
Parce
73%
peux
73%
police
73%
très
73%
revoir,
72%
sortir
72%
voudrais
72%
une
71%
C'est
70%
c'est
70%
d'une
70%
engagé
70%
joué
70%
l'air
70%
chipolata
69%
est
69%
drame
67%
personnage
64%
suis
64%
central
63%
qui
63%
faut
62%
dont
61%
sens
60%
satire
59%
sociale
59%
j'fasse
58%
régime,
58%
même
56%
d'humeur
55%
tout
54%
Tu
53%
comment
52%
crois
52%
home-cinéma.
52%
raisonnable
52%
maintenant.
50%
serait
50%
triste
49%
malheureux
48%
qu'je
48%
souffrant,
48%
déprime
45%
oses-tu
45%
reste
44%
faible,
43%
frissons
43%
d’égoïste,
41%
traites
41%
mieux.
40%
mieux
40%
contagieux,
39%
peut-être
39%
m'ennuie
38%
vaut
38%
prendre
37%
risque,
37%
préfère
36%

Distribution des résultats

Percentile par nombre de réponses

% des personnes avec chaque résultat

Votre développement - résultats

Vous n’avez pas pris ce quiz